Iqbal on inner religious experience / (Record no. 329562)

000 -LEADER
fixed length control field 01031cam a2200301 a 4500
001 - CONTROL NUMBER
control field 15602800
003 - CONTROL NUMBER IDENTIFIER
control field NUST
005 - DATE AND TIME OF LATEST TRANSACTION
control field 20170515102941.0
008 - FIXED-LENGTH DATA ELEMENTS--GENERAL INFORMATION
fixed length control field 090129s2008 pk a b 000 0 eng
010 ## - LIBRARY OF CONGRESS CONTROL NUMBER
LC control number 2009355139
020 ## - INTERNATIONAL STANDARD BOOK NUMBER
International Standard Book Number 9789694164175
025 ## - OVERSEAS ACQUISITION NUMBER
Overseas acquisition number P-E-2009355139; 05; 06; 07
040 ## - CATALOGING SOURCE
Original cataloging agency DLC
Transcribing agency DLC
042 ## - AUTHENTICATION CODE
Authentication code lcode
050 00 - LIBRARY OF CONGRESS CALL NUMBER
Classification number PK2199.I65
Item number Z8276 2008
082 ## - DEWEY DECIMAL CLASSIFICATION NUMBER
Classification number 891.43914
Author Mark QAZ
100 1# - MAIN ENTRY--PERSONAL NAME
Personal name Qazi, M. H.
9 (RLIN) 678
245 10 - TITLE STATEMENT
Title Iqbal on inner religious experience /
Statement of responsibility, etc. M.H. Qazi.
250 ## - EDITION STATEMENT
Edition statement 1st ed.
260 ## - PUBLICATION, DISTRIBUTION, ETC.
Place of publication, distribution, etc. Lahore :
Name of publisher, distributor, etc. Iqbal Academy Pakistan,
Date of publication, distribution, etc. 2008.
300 ## - PHYSICAL DESCRIPTION
Extent 209 p. :
Other physical details ill. ;
Dimensions 22 cm.
504 ## - BIBLIOGRAPHY, ETC. NOTE
Bibliography, etc. note Includes bibliographical references (p. 206-209).
600 10 - SUBJECT ADDED ENTRY--PERSONAL NAME
Personal name Iqbal, Muhammad,
Titles and other words associated with a name Sir,
Dates associated with a name 1877-1938
General subdivision Criticism and interpretation.
9 (RLIN) 6
650 #0 - SUBJECT ADDED ENTRY--TOPICAL TERM
Topical term or geographic name entry element Experience (Religion)
9 (RLIN) 679
650 #0 - SUBJECT ADDED ENTRY--TOPICAL TERM
Topical term or geographic name entry element Psychology, Religious.
9 (RLIN) 680
710 2# - ADDED ENTRY--CORPORATE NAME
Corporate name or jurisdiction name as entry element Iqbal Academy (Lahore, Pakistan)
9 (RLIN) 8
906 ## - LOCAL DATA ELEMENT F, LDF (RLIN)
a 7
b cbc
c origode
d 3
e ncip
f 20
g y-gencatlg
942 ## - ADDED ENTRY ELEMENTS (KOHA)
Source of classification or shelving scheme
Koha item type Book
Holdings
Withdrawn status Lost status Source of classification or shelving scheme Damaged status Not for loan Permanent Location Current Location Shelving location Date acquired Total Checkouts Total Renewals Full call number Barcode Date last seen Date last checked out Copy number Price effective from Koha item type
          Central Library (CL) Central Library (CL) Book Cart 05/15/2017 11 1 928.91439 QAZ CL2467 10/27/2024 09/29/2024 1 05/15/2017 Book
© 2023 Central Library, National University of Sciences and Technology. All Rights Reserved.